000
00338nam a2200145Ia 4500
008
191201s2005 xx 000 0 und d
082
_a
330.954
100
_a
DATT, Ruddar
245
0
_a
Indian Economy
250
_a
52th
260
_a
N.Delhi
_b
S Chand and Co. Ltd.
_c
2005
300
_a
1003
650
_a
General Books
942
_2
ddc
_c
BK
999
_c
2176
_d
2176